Normal view
MARC view
- Kousar,Seemab
Entry Personal Name
001 - CONTROL NUMBER
- control field: 5141
003 - CONTROL NUMBER IDENTIFIER
- control field: NUST
005 - DATE AND TIME OF LATEST TRANSACTION
- control field: 20171002160001.0
008 - FIXED-LENGTH DATA ELEMENTS
- fixed length control field: 171002|| aca||aabn | a|a d
040 ## - CATALOGING SOURCE
- Original cataloging agency: NUST
- Transcribing agency: NUST
100 ## - HEADING--PERSONAL NAME
- Personal name: Kousar,Seemab
670 ## - SOURCE DATA FOUND
- Source citation: Work cat.: (NUST): Kousar,Seemab, Effects of facebook usage on self-esteem of individuals , 2015
